Score 0/20 Timer 04:00
0 Plays Today
Song Title Missing Word % Correct
Life In The ____ LaneFast
93.7%
Always Look On The ____ Side Of LifeBright
92.4%
A ____ In The LifeDay
90.3%
You ____ Up My LifeLight
85.4%
Good Riddance (Time Of ____ Life)Your
81.1%
Coming ____ To LifeBack
79.9%
____ Me To LifeBring
71.7%
Life On ____?Mars
70.2%
You Are The ____ Of My LifeSunshine
68.7%
____ My LifeIt's
65.9%
Song Title Missing Word % Correct
Hard ____ Life (Ghetto Anthem)Knock
64.1%
30 ____ To LifeYears
63%
____ For Your LifeRun
53%
____ For LifeLust
37.9%
It's A ____ LifeHard
33.1%
____ My LifeAll
31.5%
____ The LifeGot
10.6%
Life In ____Technicolor
9.5%
A ____ For LifeDesign
9.3%
____ Of LifeImitation
8.6%

Today's Daily Dose

Remove Ads.
Support Sporcle.
Get the best of Sporcle when you Go Orange. This ad-free experience offers more features, more stats, and more fun while also helping to support Sporcle. Thank you for becoming a member.

You're not logged in!

Compare scores with friends on all Sporcle quizzes.
OR
Log In

Show Comments

Extras

Top Quizzes Today


Score Distribution

Your Account Isn't Verified!

In order to create a playlist on Sporcle, you need to verify the email address you used during registration. Go to your Sporcle Settings to finish the process.

Report this User

Report this user for behavior that violates our Community Guidelines.

Details: